Экспресс-метод определения дисперсности глинистой составляющей буровых растворов; Известия Томского политехнического университета [Известия ТПУ]; Т. 305, вып. 8 : Геология и разработка нефтяных и газовых месторождений
| Parent link: | Известия Томского политехнического университета [Известия ТПУ]/ Томский политехнический университет (ТПУ).— , 2000- Т. 305, вып. 8 : Геология и разработка нефтяных и газовых месторождений.— 2002.— [С. 219-221] |
|---|---|
| Κύριος συγγραφέας: | |
| Περίληψη: | Заглавие с титульного листа Электронная версия печатной публикации Анализ дисперсного состава порошков, являющихся составляющей частью буровых растворов, традиционно осуществляется методом пипетки Андреазена. Этот метод обладает высокой точностью, но для его проведения требуются большие затраты времени от нескольких часов до суток. Поэтому разработка экспрес-методов для определения гранулометрического состава таких порошков имеет важное значение. |
| Γλώσσα: | Ρωσικά |
| Έκδοση: |
2002
|
| Σειρά: | Бурение нефтяных и газовых скважин |
| Θέματα: | |
| Διαθέσιμο Online: | http://www.lib.tpu.ru/fulltext/v/Bulletin_TPU/2002/v305/i8/39.pdf |
| Μορφή: | MixedMaterials Ηλεκτρονική πηγή Κεφάλαιο βιβλίου |
| KOHA link: | https://koha.lib.tpu.ru/cgi-bin/koha/opac-detail.pl?biblionumber=167034 |
MARC
| LEADER | 00000nla2a2200000 4500 | ||
|---|---|---|---|
| 001 | 167034 | ||
| 005 | 20231031162646.0 | ||
| 035 | |a (RuTPU)RU\TPU\book\181189 | ||
| 035 | |a RU\TPU\book\181188 | ||
| 090 | |a 167034 | ||
| 100 | |a 20091011d2002 k y0rusy50 ca | ||
| 101 | 0 | |a rus | |
| 102 | |a RU | ||
| 135 | |a drnn ---uucaa | ||
| 181 | 0 | |a i | |
| 182 | 0 | |a b | |
| 200 | 1 | |a Экспресс-метод определения дисперсности глинистой составляющей буровых растворов |b Электронный ресурс |f Н. Г. Квеско | |
| 203 | |a Текст |c электронный | ||
| 215 | |a 1 файл (461 Кб) | ||
| 225 | 1 | |a Бурение нефтяных и газовых скважин | |
| 230 | |a Электронные текстовые данные (1 файл : 461 Кб) | ||
| 300 | |a Заглавие с титульного листа | ||
| 300 | |a Электронная версия печатной публикации | ||
| 320 | |a [Библиогр.: с. 221 (4 назв.)] | ||
| 330 | |a Анализ дисперсного состава порошков, являющихся составляющей частью буровых растворов, традиционно осуществляется методом пипетки Андреазена. Этот метод обладает высокой точностью, но для его проведения требуются большие затраты времени от нескольких часов до суток. Поэтому разработка экспрес-методов для определения гранулометрического состава таких порошков имеет важное значение. | ||
| 337 | |a Adobe Reader | ||
| 461 | 1 | |0 (RuTPU)RU\TPU\book\176237 |t Известия Томского политехнического университета [Известия ТПУ] |f Томский политехнический университет (ТПУ) |d 2000- | |
| 463 | 1 | |0 (RuTPU)RU\TPU\book\180913 |t Т. 305, вып. 8 : Геология и разработка нефтяных и газовых месторождений |o тематический выпуск |v [С. 219-221] |d 2002 |p 279 с. | |
| 610 | 1 | |a экспресс-методы | |
| 610 | 1 | |a дисперсность | |
| 610 | 1 | |a глинистые составляющие | |
| 610 | 1 | |a буровые растворы | |
| 610 | 1 | |a дисперсный состав | |
| 610 | 1 | |a глинопорошки | |
| 610 | 1 | |a барит | |
| 610 | 1 | |a метод пипетки Андреазена | |
| 610 | 1 | |a затраты времени | |
| 610 | 1 | |a гранулометрический состав | |
| 610 | 1 | |a метод | |
| 610 | 1 | |a кривая накопления осадка | |
| 610 | 1 | |a седиментационный анализ | |
| 610 | 1 | |a весовая седиментация | |
| 610 | 1 | |a объемная седиментация | |
| 610 | 1 | |a метод | |
| 610 | 1 | |a аппроксимация | |
| 610 | 1 | |a труды учёных ТПУ | |
| 610 | 1 | |a электронный ресурс | |
| 700 | 1 | |a Квеско |b Н. Г. |c доктор технических наук |c профессор каф. бурения скважин (БС) ИГНД, ТПУ |f 1949- |g Наталия Геннадьевна |2 stltpush |3 (RuTPU)RU\TPU\pers\25027 | |
| 801 | 1 | |a RU |b 63413507 |c 20090623 |g PSBO | |
| 801 | 2 | |a RU |b 63413507 |c 20210421 |g PSBO | |
| 856 | 4 | |u http://www.lib.tpu.ru/fulltext/v/Bulletin_TPU/2002/v305/i8/39.pdf | |
| 942 | |c CF | ||